00385nam a2200133 a 450000500170000000800410001702000180005805000270007610000200010324500670012326000390019030000100022965000120023920140412111236.0010327s19uu xx 00 eng d a0-590-35602-X aTR(GS 372.4bW158 1990 aWalling, Elaine aRead and think E :bwho will be the cat? /cby Elaine Walling. aNew York :bScholastic Inc,c1990. a32 p. aReading